Quizzes
Events
Quiz Creation
Community
Videos
Private Events
Remove Ads
Sign In
Join for FREE
Feedback
Dark Mode
Quiz Categories
Sports
Geography
Music
Movies
Television
Just For Fun
Miscellaneous
History
Literature
Language
Science
Gaming
Entertainment
Religion
Holiday
For Kids
Quiz Lab
Recent
Popular Today
Quiz Kudos Today
Editor Picks
Curator Picks
Quizzes by...
Day
Popularity
Type
Ratings
Length
Year
Community
Subscriptions
Recent Discussions
Orange Saloon
Badges
Playlists
Quests
Create
Leaderboards
Showdown
Live 5
Trivia Bingo
Activity
Puzzle Library
Sporcle Events
Private Events
Virtual Trivia
Globe League
Become a Host
Pub Owners
SporcleCon
Opinionation
Our Games
Videos
Blog
Mobile Apps
Partnerships
Remove Ads and Go Orange
Feedback
Music
Pop Music
The Beatles
Song
Album
Lyrics
Bands
Singers
Artist
Clip
Rock
Rap
Classical
Billboard
Country Music
Kpop
Taylor Swift
Music
Pop Music
The Beatles
Song
Album
Lyrics
Bands
Singers
Artist
Clip
Rock
Rap
Classical
Billboard
Country Music
Kpop
Taylor Swift
Random Quiz
Search Sporcle
×
Quiz Lab
Quiz Lab
Music
Bands
Type in answers that appear in a list
Type in answers that appear in a list
Classic
Best Score? Go Orange.
Acronym Bands Stats
Can you name the bands / artists that go primarily by initials or acronyms?
By
RadiationPuppy
10m
40 Questions
397 Plays
397 Plays
397 Plays
Comments
Comments
Give Quiz Kudos
Give Quiz Kudos
-
- Ratings
hide this ad
Replay
Link that replays current quiz
Next Quiz
Link to next quiz in quiz playlist
You Got
0%
They Got
Avg Score
20%
Avg Friend Score
Upgrade to see
Score Distribution
Jump to the score distribution portion of the page
Score
0/40
Timer
10:00
0
Plays Today
Song
Artist
% Correct
'Dancing Queen'
ABBA
91.7%
'Losing My Religion'
R.E.M.
69.4%
'Love Shack'
The B-52's
67.9%
'No Scrubs'
TLC
56.6%
'With or Without You'
U2
51%
'Miss Murder'
AFI
43.9%
'Kids'
MGMT
40.7%
'Summer Girls'
LFO
31.3%
'Unbelievable'
EMF
29%
'Can't Help Falling in Love'
UB40
26%
'Youth of the Nation'
P.O.D.
25.3%
'Live Your Life'
T.I.
23.7%
'Big Gun'
AC/DC
22.5%
'How Bizarre'
OMC
21.7%
'I'm in Miami Trick'
LMFAO
21.2%
'Kick Out the Jams'
MC5
19.7%
'Express Yourself'
N.W.A.
16.4%
'When Smokey Sings'
ABC
14.9%
'Bump, Bump, Bump'
B2K
14.4%
'She Wants To Move'
N.E.R.D.
13.9%
Song
Artist
% Correct
'Wings of a Butterfly'
H.I.M.
12.9%
'Love and Memories'
O.A.R.
12.4%
'The Things We Do For Love'
10cc
11.1%
'The Mayor of Simpleton'
XTC
10.6%
'Weak'
SWV
8.8%
'3 A.M. Eternal'
The KLF
8.3%
'Remember'
BT
7.1%
'Get at Me Dog'
DMX
7.1%
'U and Dat'
E-40
5.3%
'Responsibility'
MxPx
5.1%
'Money, Power, & Respect'
The LOX
4.3%
'When the Heart Rules the Mind'
GTR
2.8%
'Summertime Girls'
Y&T
2.8%
'Can't Wait One Minute More'
CIV
2%
'Naive'
KMFDM
1.5%
'Get That Gasoline Blues'
NRBQ
1.5%
'Pimpin' Ain't No Illusion'
UGK
1.3%
'It's Funky Enough'
The D.O.C.
1%
'Gimme Some More'
The J.B.'s
0.8%
'Stay the Night'
IMx
0.5%
Quiz Playlist
Details
Report
Send in Message
Add To Playlist
Classic:
Type in answers that appear in a list
Last Updated: Feb 16, 2017
Quiz Scoreboard
CHALLENGE
Sign Up to Join the Scoreboard
Show All
Scores
Hide
Comments
May contain spoilers
Recently Published
Decade Duel: World Leaders
by jenniferyan
History
4m
Alphabetical 'K' Countries by Flag Minefield
by ylime102
Geography
3m
Pick 6: Fruits
by JohnFran
Miscellaneous
15s
More to Explore
Quiz From the Vault
Featured Blog Post
15 Basketball Trivia Facts You Can Be March Mad About
hide this ad
You Might Also Like...
Tags
Artist Quiz
Bands Quiz
Song Quiz
Acronym
initial
Primarily
Today's Top Quizzes in Music
Browse Music
hide this ad
Today's Top Quizzes in Bands
Browse Bands
Top Contributed Quizzes in Music
1
Taylor Swift All Songs (2024)
2
Taylor Swift Logic Puzzle
3
KPOP LOGIC QUIZ
4
Guess the Taylor Swift song (Mystery Song)
5
A Taylor Swift Logic Puzzle
6
Guess The Taylor Swift Lyrics Song #1
7
kpop group name match up
8
K-Pop : 100 Debut Songs (Part 1 of 3)
9
2 word kpop group match
10
Madness Songs By Image
Explore More
Trending Topics
Crossword
Disney
Kpop
Anime
Marvel
NBA
Harry Potter
NFL
The Office
Song
Puzzle
Pokémon
WWE
Country
Soccer
hide this ad
More By:
RadiationPuppy
Quiz
Plays
Rating
Category
Featured
Created
ESPN Fantasy Football 2010 - Most Owned
480
4.07
Sports
Nov 22, 2010
Acronym Bands
397
3.14
Music
Sep 25, 2009
NFL Most Passing Yds. in First Season
219
3.67
Sports
Mar 27, 2010
Guess the lyrics to the song
212
3.20
Music
Oct 14, 2010
2009 Big 4 - Team Leaders
179
4.67
Sports
Nov 15, 2010
Go to Creator's Profile
Score Distribution
Quiz Creator Spotlight
RadiationPuppy
Follow
Send a Message
Quizzes Created
-
Created Quiz Play Count
-
More By This Creator
Popular Quizzes Today
1
Countries of Asia Without Outlines Minefield
2
Find the US States - No Outlines Minefield
3
Pick 6: Fruits
4
Alphabetical 'K' Countries by Flag Minefield
5
The Countries of the World
6
Find the Countries of Europe - No Outlines Minefield
7
Find the US States
8
US States
More Music Quizzes
Battle of the Bands (9-Letters)
Published
Trending Quizzes
Pick 6: Mountains
Pick 6: Harry Potter
Pick 6: Flags
Pick 6: NFL Teams
Pick 6: Movie Franchises
Recently Updated
Adaptations: Name the Title
pecheneg
NWSL Teams
pecheneg
Women's Final Four Teams by Year
bhenderson79
Presidents Quartet II
eogle
Anything But Clue(do)
eogle
Anything But Oceanian Capitals
eogle
Anything But 7
eogle
Anything But Thing
eogle
Word Ladder: February 29
pecheneg
Song Title Questions
pecheneg
Trending Topics
Anime
Kpop
NBA
Disney
Marvel
Harry Potter
Crossword
Pokémon
Song
NFL
The Office
Soccer
WWE
Puzzle
Country
Your Account Isn't Verified!
In order to create a playlist on Sporcle, you need to verify the email address you used during registration. Go to your
Sporcle Settings
to finish the process.
Report this User
Report this user for behavior that violates our
Community Guidelines
.
Details:
Send Report
Go to the Sporcle.com Mobile Site →
Comments